000 00334nam a2200133 i 4500
001 bg
100 1 _aPLEWA, Stanisław
245 0 _aWyniki badań petrofizycznych własności skał /
_cStanisław Plewa.
260 _aWrocław,
_c1977.
040 _cBPK
041 _apol
942 _cKS
008 s pl f |000 0 pol
999 _c17574
_d17574
856 _uhttp://koha.tu.koszalin.pl/cgi-bin/koha/opac-detail.pl?biblionumber=17574
_yKatalog online BPK